[Event "2. Bundesliga West"]
[Site "?"]
[Date "2007.01.26"]
[Round "6.1"]
[White "Gatterer, Florian"]
[Black "Krstic, Uros"]
[Result "1-0"]
[WhiteElo "2206"]
[BlackElo "2347"]
[PlyCount "115"]
[EventDate "2007.01.28"]
[SourceDate "2006.10.21"]

1. f4 g6 2. Nf3 d5 3. e3 Bg7 4. Be2 Nd7 5. d4 Nh6 6. O-O O-O 7. c4 dxc4 8. Nc3
c5 9. Bxc4 cxd4 10. Nxd4 e5 11. Nde2 exf4 12. Nxf4 Ne5 13. Be2 Nf5 14. Nfd5 Be6
15. e4 Nd4 16. Be3 Nxe2+ 17. Qxe2 Re8 18. h3 f5 19. Rad1 Qc8 20. Qf2 Qc4 21. b3
Qc6 22. Qh4 Bxd5 23. Nxd5 Kh8 24. exf5 gxf5 25. Bg5 Ng6 26. Qh5 Re5 27. Nf4 Rg8
28. Kh1 Nxf4 29. Bxf4 Bf6 30. Rf2 Rd5 31. Rdf1 Bd4 32. Re2 Bf6 33. Rc1 Rc5 34.
Rxc5 Qxc5 35. Qf7 Qc6 36. Kh2 a6 37. g3 Rd8 38. h4 Bg7 39. Re7 Qg6 40. h5 Qxf7
41. Rxf7 Kg8 42. Rxb7 Re8 43. a4 Re2+ 44. Kg1 Bc3 45. Kf1 Rh2 46. h6 Rb2 47.
Be3 Be5 48. b4 Rb1+ 49. Ke2 Rb2+ 50. Kd1 Rb1+ 51. Kc2 Rb2+ 52. Kc1 Rb3 53. Bf4
Bxf4+ 54. gxf4 Rf3 55. b5 axb5 56. axb5 Rh3 57. Rb8+ Kf7 58. b6 1-0

[Event "2. Bundesliga West"]
[Site "?"]
[Date "2007.01.26"]
[Round "6.1"]
[White "Bawart, Markus"]
[Black "Hengl, Christian"]
[Result "1-0"]
[WhiteElo "2334"]
[BlackElo "2224"]
[PlyCount "95"]
[EventDate "2007.01.28"]
[SourceDate "2006.10.21"]

1. d4 d6 2. Nf3 Bg4 3. e3 Nf6 4. Be2 e6 5. O-O Be7 6. h3 Bh5 7. c4 Nbd7 8. Nc3
O-O 9. b3 d5 10. Bb2 c6 11. a3 a6 12. Rc1 b5 13. c5 Qc7 14. Nd2 Bxe2 15. Nxe2
e5 16. dxe5 Nxe5 17. Qc2 Nfd7 18. Bd4 Bf6 19. e4 Ng6 20. exd5 cxd5 21. Nf3 Rac8
22. Bxf6 Nxf6 23. b4 Rfe8 24. Ned4 Ne5 25. Nxe5 Qxe5 26. Rfd1 Ne4 27. Nf3 Qh5
28. Qd3 Nf6 29. a4 Qg6 30. axb5 Qxd3 31. Rxd3 axb5 32. Nd4 Rb8 33. c6 Rec8 34.
Rc5 Rb6 35. c7 Rb7 36. Nxb5 g6 37. Nd6 Rcxc7 38. Nxb7 Rxb7 39. b5 Kg7 40. g4 h6
41. Kg2 g5 42. Rb3 h5 43. gxh5 Nxh5 44. b6 Nf4+ 45. Kf3 Kf6 46. Rc7 Rb8 47. b7
Ne6 48. Rb6 1-0

[Event "2. Bundesliga West"]
[Site "?"]
[Date "2007.01.26"]
[Round "6.1"]
[White "Jedinger, Andreas"]
[Black "Ljubic, Juro"]
[Result "1/2-1/2"]
[WhiteElo "2147"]
[BlackElo "2216"]
[PlyCount "125"]
[EventDate "2007.01.28"]
[SourceDate "2006.10.21"]

1. e4 c5 2. Nf3 b6 3. d4 cxd4 4. Nxd4 Bb7 5. Nc3 a6 6. Bd3 g6 7. Be3 Bg7 8. O-O
d6 9. Kh1 Nf6 10. a4 Nbd7 11. Qe2 Nc5 12. f3 O-O 13. Ra3 Qc7 14. Bc4 Rac8 15.
Nd5 Nxd5 16. Bxd5 e5 17. Nb3 Bxd5 18. exd5 Qb7 19. Nxc5 bxc5 20. Rb3 Qxd5 21.
Qxa6 Rfd8 22. Rb6 Ra8 23. Qb5 Qa2 24. Rd1 Qxa4 25. Qxa4 Rxa4 26. Bxc5 Rc4 27.
Rdxd6 Ra8 28. Ba3 Rxc2 29. Kg1 Bf8 30. Ra6 Rb8 31. Rdc6 Rd2 32. Rab6 Ra8 33.
Ra6 Rad8 34. Kf1 Bxa3 35. bxa3 Ra2 36. Rd6 Rxd6 37. Rxd6 Rxa3 38. h4 Kg7 39.
Kf2 h6 40. Rb6 Ra4 41. g3 Ra2+ 42. Kg1 h5 43. Rc6 Rd2 44. Ra6 Kf8 45. Ra7 Ke8
46. Rb7 Rd7 47. Rb5 f6 48. Kf2 Rd2+ 49. Kg1 Ke7 50. Rb8 Ke6 51. Rg8 Kf5 52. Re8
Ra2 53. Re7 Ra4 54. Kf2 e4 55. fxe4+ Rxe4 56. Ra7 Rb4 57. Ra6 g5 58. hxg5 fxg5
59. Ra2 Kg4 60. Kg2 h4 61. gxh4 Kxh4 62. Rc2 Rb3 63. Ra2 1/2-1/2

[Event "2. Bundesliga West"]
[Site "?"]
[Date "2007.01.26"]
[Round "6.1"]
[White "Stoeckl, Norbert"]
[Black "Muehlbacher, Bernhard"]
[Result "1/2-1/2"]
[WhiteElo "2097"]
[BlackElo "2094"]
[PlyCount "84"]
[EventDate "2007.01.28"]
[SourceDate "2006.10.21"]

1. e4 c5 2. Nf3 e6 3. d4 cxd4 4. Nxd4 a6 5. Bd3 b6 6. O-O d6 7. f4 Qc7 8. Nc3
Nf6 9. Qe2 Nbd7 10. Bd2 Be7 11. Rae1 O-O 12. Kh1 Nc5 13. e5 Nfd7 14. Bxh7+ Kxh7
15. b4 g6 16. bxc5 bxc5 17. Nf3 d5 18. f5 gxf5 19. Ng5+ Kg6 20. Nh3 Rh8 21.
Nf4+ Kg7 22. Ncxd5 exd5 23. Nxd5 Qd8 24. Rxf5 Nf8 25. Nxe7 Qxe7 26. Bg5 Qe6 27.
Bf6+ Kg8 28. Rg5+ Ng6 29. Qe4 Ra7 30. Rf1 Rh6 31. Qe3 Qc4 32. Rf2 Rd7 33. h3
Rd1+ 34. Kh2 Kh7 35. Be7 Nxe7 36. Qf3 Rd7 37. Qxf7+ Qxf7 38. Rxf7+ Kh8 39. Rf8+
Kh7 40. Rf7+ Kh8 41. Rf8+ Kh7 42. Rf7+ Kh8 1/2-1/2

[Event "2. Bundesliga West"]
[Site "?"]
[Date "2007.01.26"]
[Round "6.2"]
[White "Lanka, Zigurds"]
[Black "Schmidt, Georg"]
[Result "1/2-1/2"]
[WhiteElo "2498"]
[BlackElo "2374"]
[PlyCount "55"]
[EventDate "2007.01.28"]
[SourceDate "2006.10.21"]

1. e4 e6 2. d4 d5 3. Nc3 Nf6 4. Bg5 Be7 5. e5 Ne4 6. Bxe7 Qxe7 7. Nxe4 dxe4 8.
c3 c5 9. Qg4 cxd4 10. Qxg7 Rf8 11. Ne2 Nc6 12. O-O-O Qc5 13. Nxd4 Bd7 14. Bb5
Qxe5 15. Qxe5 Nxe5 16. Rhe1 f5 17. f3 Bxb5 18. Nxb5 Rd8 19. Nd4 Nd3+ 20. Rxd3
exd3 21. Rxe6+ Kf7 22. Re5 Rfe8 23. Rxf5+ Kg6 24. f4 Re7 25. Rg5+ Kf6 26. Rf5+
Kg6 27. Rg5+ Kf6 28. Rf5+ 1/2-1/2

[Event "2. Bundesliga West"]
[Site "?"]
[Date "2007.01.26"]
[Round "6.2"]
[White "Opl, Klaus"]
[Black "Maiwald, Jens Uwe"]
[Result "1/2-1/2"]
[WhiteElo "2324"]
[BlackElo "2489"]
[PlyCount "39"]
[EventDate "2007.01.28"]
[SourceDate "2006.10.21"]

1. e4 c5 2. Nc3 e6 3. f4 a6 4. Nf3 Nc6 5. d4 cxd4 6. Nxd4 Qc7 7. Be3 b5 8. Bd3
Bb7 9. Nxc6 Qxc6 10. Bd4 Nf6 11. Qe2 Bb4 12. O-O-O Bxc3 13. Bxc3 Nxe4 14. Bxg7
Rg8 15. Be5 Rc8 16. Rhg1 d6 17. Bd4 Qd5 18. Qe3 e5 19. fxe5 dxe5 20. Bb6
1/2-1/2

[Event "2. Bundesliga West"]
[Site "?"]
[Date "2007.01.26"]
[Round "6.2"]
[White "Gross, David"]
[Black "Enigl, Karl"]
[Result "1-0"]
[WhiteElo "2478"]
[BlackElo "2141"]
[PlyCount "123"]
[EventDate "2007.01.28"]
[SourceDate "2006.10.21"]

1. e4 Nf6 2. e5 Nd5 3. d4 d6 4. c4 Nb6 5. exd6 exd6 6. Nc3 Nc6 7. h3 Bf5 8. Be3
Be7 9. b3 d5 10. c5 Nc8 11. Bb5 O-O 12. Qf3 Be6 13. Bxc6 bxc6 14. Nge2 Bf6 15.
g4 g6 16. Bf4 Bg7 17. Qg3 Re8 18. Bxc7 Qd7 19. Bf4 a5 20. Qd3 Ra7 21. f3 Rb7
22. Kf2 f6 23. Rae1 Bf7 24. Ng3 Ne7 25. h4 Rb4 26. Nce2 Rb7 27. Bd2 Ra7 28. Nf4
a4 29. b4 Nc8 30. Rxe8+ Qxe8 31. Re1 Re7 32. Rxe7 Nxe7 33. Nfe2 Qc8 34. Kg2 Be8
35. a3 Bd7 36. Bf4 Kf7 37. Be3 Qb7 38. Nc3 Nc8 39. Bf4 Qa8 40. g5 Ne7 41. Qe3
Bc8 42. gxf6 Bxf6 43. Bg5 Bxg5 44. hxg5 Qa6 45. Qe2 Qa7 46. Kf2 Qd7 47. Qf1 Kg8
48. Nxa4 Nf5 49. Nb6 Qc7 50. Nxf5 Bxf5 51. Qe1 Qh2+ 52. Ke3 Qb2 53. a4 h6 54.
Qd2 Qb1 55. Kf4 hxg5+ 56. Ke5 Qg1 57. Kd6 Qg3+ 58. Kxc6 Qb8 59. Qe3 Kf7 60. Qe5
Qxe5 61. dxe5 d4 62. Kd6 1-0

[Event "2. Bundesliga West"]
[Site "?"]
[Date "2007.01.26"]
[Round "6.2"]
[White "Peterwagner, Heinz"]
[Black "Tabernig, Bernhard"]
[Result "0-1"]
[WhiteElo "2213"]
[BlackElo "2292"]
[PlyCount "40"]
[EventDate "2007.01.28"]
[SourceDate "2006.10.21"]

1. e4 e6 2. d4 d5 3. Nd2 Nf6 4. e5 Nfd7 5. f4 c5 6. c3 Nc6 7. Ndf3 cxd4 8. cxd4
Qb6 9. Ne2 f6 10. g3 Bb4+ 11. Bd2 fxe5 12. dxe5 Nc5 13. Nc3 O-O 14. Qe2 Bd7 15.
Qf2 d4 16. Nd1 Ne4 17. Nxd4 Nxd4 18. Qxd4 Bc6 19. Rg1 Rad8 20. Qe3 Rxd2 0-1

[Event "2. Bundesliga West"]
[Site "?"]
[Date "2007.01.26"]
[Round "6.2"]
[White "Kroell, Johannes"]
[Black "Hamberger, Hermann"]
[Result "0-1"]
[WhiteElo "2176"]
[BlackElo "2105"]
[PlyCount "64"]
[EventDate "2007.01.28"]
[SourceDate "2006.10.21"]

1. Nc3 c5 2. g4 h5 3. g5 g6 4. Bg2 Bg7 5. d3 e6 6. e4 Ne7 7. Be3 Nec6 8. Qd2
Qa5 9. Nge2 Nd4 10. Nc1 Nbc6 11. O-O d6 12. Nb3 Qd8 13. f4 O-O 14. Rf2 Nxb3 15.
axb3 Nd4 16. Raf1 Bd7 17. Bh3 Qe7 18. f5 exf5 19. Nd5 Qe8 20. c3 fxe4 21. Bxd7
Qxd7 22. dxe4 Qg4+ 23. Rg2 Nf3+ 24. Rxf3 Qxf3 25. Rg3 Qxe4 26. Nf6+ Bxf6 27.
gxf6 Rfe8 28. Bf2 Kh7 29. Rd3 Qg4+ 30. Kf1 Re6 31. Rxd6 Qh3+ 32. Kg1 Rae8 0-1

[Event "2. Bundesliga West"]
[Site "?"]
[Date "2007.01.26"]
[Round "6.2"]
[White "Walkner, Karl"]
[Black "Platzgummer, Fabian"]
[Result "0-1"]
[WhiteElo "2035"]
[BlackElo "2044"]
[PlyCount "134"]
[EventDate "2007.01.28"]
[SourceDate "2006.10.21"]

1. d4 Nf6 2. Nf3 e6 3. e3 c5 4. c3 d5 5. Bd3 Be7 6. O-O O-O 7. Nbd2 b6 8. Ne5
Ba6 9. Qe2 Bxd3 10. Qxd3 Qc7 11. f4 Nc6 12. b3 Rac8 13. Bb2 Rfd8 14. Rac1 Qb7
15. Qe2 b5 16. g4 c4 17. g5 Nd7 18. Ng4 Na5 19. b4 Nc6 20. e4 Nb6 21. Qg2 Kh8
22. Rf3 dxe4 23. Nxe4 Na4 24. Ba1 Nxb4 25. Rh3 Nd5 26. Qf2 Bf8 27. Ne5 g6 28.
Ng4 h5 29. Ngf6 Nxf6 30. Nxf6 Bg7 31. Ng4 Kg8 32. Ne5 Nb6 33. Qc2 Nd5 34. Qe4
Bxe5 35. fxe5 Qe7 36. Rg3 a5 37. Rf1 Qe8 38. Rgf3 Rd7 39. Bb2 b4 40. Qe1 Qd8
41. Rf6 Qe7 42. h4 Rf8 43. R6f3 Rc7 44. Kh2 Qd7 45. Qe4 Kg7 46. R1f2 Qe7 47.
Qe1 Rb7 48. Qf1 Rc7 49. Qe1 Qd7 50. Qd1 Rd8 51. Kg3 bxc3 52. Ba3 Nb4 53. Rxc3
Qxd4 54. Qxd4 Rxd4 55. Bc1 Rd3+ 56. Rf3 Rxc3 57. Rxc3 Nxa2 58. Rc2 Nb4 59. Rc3
a4 60. Bb2 Nd5 61. Ra3 c3 62. Bc1 Rc4 63. Ra1 c2 64. Kf2 Rb4 65. Ra2 Rxh4 66.
Bd2 Rh2+ 67. Ke1 Rh1+ 0-1

[Event "2. Bundesliga West"]
[Site "?"]
[Date "2007.01.26"]
[Round "6.3"]
[White "Dobosz, Henryk"]
[Black "Gasthofer, Alexander"]
[Result "1/2-1/2"]
[WhiteElo "2419"]
[BlackElo "2439"]
[PlyCount "58"]
[EventDate "2007.01.28"]
[SourceDate "2006.10.21"]

1. d4 d5 2. c4 e6 3. Nc3 Nf6 4. cxd5 Nxd5 5. e4 Nxc3 6. bxc3 c5 7. Nf3 cxd4 8.
cxd4 Bb4+ 9. Bd2 Bxd2+ 10. Qxd2 O-O 11. Bc4 b6 12. O-O Bb7 13. Qe2 Nd7 14. Ba6
Bxa6 15. Qxa6 Qc8 16. Qe2 Qb7 17. Rad1 Rfd8 18. Rfe1 Nf6 19. Ne5 Rac8 20. g4
Nd7 21. Nxd7 Rxd7 22. d5 exd5 23. exd5 h6 24. Qf3 Rcd8 25. Re5 Re7 26. Qe4 Rxe5
27. Qxe5 Qd7 28. h3 Re8 29. Qf4 b5 1/2-1/2

[Event "2. Bundesliga West"]
[Site "?"]
[Date "2007.01.26"]
[Round "6.3"]
[White "Pitl, Gregory"]
[Black "Eisenbeiser, Amadeus"]
[Result "1-0"]
[WhiteElo "2380"]
[BlackElo "2352"]
[PlyCount "57"]
[EventDate "2007.01.28"]
[SourceDate "2006.10.21"]

1. d4 d5 2. c4 e6 3. Nf3 Nf6 4. g3 Be7 5. Bg2 O-O 6. O-O Nbd7 7. Qc2 b6 8. cxd5
exd5 9. Bf4 c5 10. Nc3 Bb7 11. Rad1 c4 12. Ne5 Rc8 13. Qa4 Nb8 14. Qxa7 Ba6 15.
Bh3 Rc7 16. Qxb6 Rb7 17. Qxd8 Rxd8 18. Rb1 Ra7 19. f3 Bb7 20. Rfd1 Nc6 21. Bg2
h6 22. g4 g5 23. Bg3 h5 24. h3 h4 25. Bf2 Ra5 26. e4 dxe4 27. Nxc6 Bxc6 28.
fxe4 Rda8 29. Be3 1-0

[Event "2. Bundesliga West"]
[Site "?"]
[Date "2007.01.26"]
[Round "6.3"]
[White "Schmidlechner, Alexander"]
[Black "Pitschka, Klaus"]
[Result "1/2-1/2"]
[WhiteElo "2246"]
[BlackElo "2279"]
[PlyCount "33"]
[EventDate "2007.01.28"]
[SourceDate "2006.10.21"]

1. e4 e6 2. c4 d5 3. exd5 exd5 4. d4 Nf6 5. Nf3 Bb4+ 6. Nc3 O-O 7. Be2 dxc4 8.
O-O Be6 9. Ne5 c5 10. dxc5 Bxc5 11. Qxd8 Rxd8 12. Bxc4 Bxc4 13. Nxc4 Nc6 14.
Bg5 Rd4 15. b3 Ne4 16. Nxe4 Rxe4 17. Rfe1 1/2-1/2

[Event "2. Bundesliga West"]
[Site "?"]
[Date "2007.01.26"]
[Round "6.3"]
[White "Hager, Franz"]
[Black "Gattenloehner, Sebastian"]
[Result "1/2-1/2"]
[WhiteElo "2237"]
[BlackElo "2232"]
[PlyCount "55"]
[EventDate "2007.01.28"]
[SourceDate "2006.10.21"]

1. d4 d5 2. c4 c6 3. Nf3 Nf6 4. e3 e6 5. Nc3 Nbd7 6. Qc2 Bd6 7. Be2 O-O 8. O-O
a6 9. e4 dxe4 10. Nxe4 Nxe4 11. Qxe4 h6 12. Rd1 c5 13. Bd3 Nf6 14. Qh4 cxd4 15.
Nxd4 Nd7 16. Qe4 Nf6 17. Qh4 Nd7 18. Qxd8 Rxd8 19. Be3 Ne5 20. Be2 Bd7 21. Nb3
Ba4 22. Bb6 Rd7 23. f4 Ng6 24. g3 Rc8 25. Rac1 Bc7 26. Be3 Ne7 27. Rxd7 Bxd7
28. Bf3 1/2-1/2

[Event "2. Bundesliga West"]
[Site "?"]
[Date "2007.01.26"]
[Round "6.3"]
[White "Lickleder, Andreas"]
[Black "Heilinger, Dietmar"]
[Result "1-0"]
[WhiteElo "2235"]
[BlackElo "2142"]
[PlyCount "120"]
[EventDate "2007.01.28"]
[SourceDate "2006.10.21"]

1. e4 e6 2. d4 d5 3. Nc3 Bb4 4. Qd3 Ne7 5. Qg3 O-O 6. Bf4 dxe4 7. Bxc7 Nf5 8.
Qe5 Bd6 9. Bxd6 Qxd6 10. Qxe4 Qxd4 11. Nf3 Qxe4+ 12. Nxe4 Rd8 13. g4 Ne7 14.
Rd1 Rxd1+ 15. Kxd1 Nbc6 16. Nd6 e5 17. Nxc8 Rxc8 18. c3 f6 19. Bd3 Rd8 20. Kc2
Nc8 21. Nd2 Nd6 22. Ne4 Nxe4 23. Bxe4 g6 24. h4 Rd7 25. Rd1 Rc7 26. Rd6 Kf7 27.
Bd5+ Kg7 28. Kd3 Ne7 29. Bb3 f5 30. g5 e4+ 31. Ke3 Nc6 32. Kf4 Re7 33. Be6 Rc7
34. Rd7+ Rxd7 35. Bxd7 Kf7 36. Bc8 Nd8 37. Ke5 Nc6+ 38. Kd6 f4 39. Bxb7 e3 40.
fxe3 fxe3 41. Ba6 Ne7 42. Bc4+ Ke8 43. Ke5 Nf5 44. Kf4 Nxh4 45. Kxe3 Nf5+ 46.
Kf4 h5 47. gxh6 Nxh6 48. Kg5 Nf5 49. Kxg6 Ne3 50. Be2 Ke7 51. Kg5 Kd6 52. Kf4
Nd5+ 53. Ke4 a5 54. Kd4 Nb6 55. Bb5 Nd5 56. c4 Nf4 57. c5+ Kc7 58. Bc4 Kc6 59.
b3 Ng6 60. Bf7 Ne7 1-0

[Event "2. Bundesliga West"]
[Site "?"]
[Date "2007.01.26"]
[Round "6.4"]
[White "Bezold, Michael"]
[Black "Blaskowski, Johannes"]
[Result "1-0"]
[WhiteElo "2535"]
[BlackElo "2342"]
[PlyCount "39"]
[EventDate "2007.01.28"]
[SourceDate "2006.10.21"]

1. c4 Nf6 2. Nf3 e6 3. g3 d5 4. b3 Nbd7 5. Bg2 Bd6 6. O-O O-O 7. Bb2 c6 8. Nc3
a6 9. d4 b5 10. Qc2 Bb7 11. Rad1 b4 12. Na4 a5 13. Ne5 Bxe5 14. dxe5 Ng4 15. e4
Ngxe5 16. exd5 cxd5 17. cxd5 exd5 18. Bxd5 Bxd5 19. Rxd5 Qg5 20. Qd1 1-0

[Event "2. Bundesliga West"]
[Site "?"]
[Date "2007.01.26"]
[Round "6.4"]
[White "Neuschmied, Siegfried"]
[Black "Gaertner, Guntram"]
[Result "0-1"]
[WhiteElo "2295"]
[BlackElo "2331"]
[PlyCount "70"]
[EventDate "2007.01.28"]
[SourceDate "2006.10.21"]

1. e4 c5 2. Nf3 Nc6 3. Bb5 e6 4. Bxc6 bxc6 5. O-O Ne7 6. b3 Ng6 7. Bb2 f6 8. d4
cxd4 9. Nxd4 Be7 10. f4 O-O 11. f5 Ne5 12. c4 Qb6 13. Bc3 Nxc4 14. bxc4 e5 15.
Kh1 exd4 16. Bxd4 Bc5 17. Bc3 Qd8 18. Nd2 Qe7 19. Qa4 Bd6 20. Rae1 Qf7 21. Qa5
Re8 22. c5 Be5 23. Bxe5 Rxe5 24. Nf3 Re8 25. e5 Rf8 26. exf6 gxf6 27. Nd2 Rb8
28. Ne4 Rb2 29. Qc3 Rxa2 30. Rf3 Kh8 31. Rg3 Qd5 32. Nxf6 Qd2 33. Qe5 d6 34.
cxd6 Qb2 35. Rc3 Qxg2# 0-1

[Event "2. Bundesliga West"]
[Site "?"]
[Date "2007.01.26"]
[Round "6.4"]
[White "Mittelberger, Peter"]
[Black "Atlas, Dimitry"]
[Result "0-1"]
[WhiteElo "2244"]
[BlackElo "2294"]
[PlyCount "52"]
[EventDate "2007.01.28"]
[SourceDate "2006.10.21"]

1. e4 e6 2. d4 d5 3. Nc3 Bb4 4. e5 c5 5. a3 Bxc3+ 6. bxc3 Ne7 7. Qg4 Kf8 8. h4
Qa5 9. Bd2 Qa4 10. Kd1 h6 11. h5 b6 12. Nf3 Ba6 13. Bxa6 Nxa6 14. Qf4 Rc8 15.
g4 Ke8 16. Rg1 cxd4 17. Nxd4 Nc5 18. Qe3 Nc6 19. Nxc6 Rxc6 20. f3 Qc4 21. g5
Na4 22. gxh6 Rxh6 23. Rxg7 Rxh5 24. Rg1 Nxc3+ 25. Bxc3 Qxc3 26. Qxc3 Rxc3 0-1

[Event "2. Bundesliga West"]
[Site "?"]
[Date "2007.01.26"]
[Round "6.4"]
[White "Burschowsky, Matthias"]
[Black "Eybl, Alexander"]
[Result "1/2-1/2"]
[WhiteElo "2211"]
[BlackElo "2253"]
[PlyCount "27"]
[EventDate "2007.01.28"]
[SourceDate "2006.10.21"]

1. Nf3 c5 2. g3 g6 3. Bg2 Bg7 4. d4 cxd4 5. Nxd4 Nc6 6. c3 Nf6 7. O-O O-O 8. e4
Qc7 9. Be3 d6 10. h3 Bd7 11. Nd2 a6 12. Qe2 Nxd4 13. Bxd4 Bc6 14. e5 1/2-1/2

[Event "2. Bundesliga West"]
[Site "?"]
[Date "2007.01.26"]
[Round "6.4"]
[White "Meier, Alexander"]
[Black "Baldauf, Marco"]
[Result "0-1"]
[WhiteElo "2145"]
[BlackElo "2155"]
[PlyCount "80"]
[EventDate "2007.01.28"]
[SourceDate "2006.10.21"]

1. e4 e6 2. d3 d5 3. Nd2 Nf6 4. Ngf3 Bc5 5. e5 Nfd7 6. g3 Bb6 7. Bg2 c5 8. c4
Nc6 9. O-O O-O 10. Re1 Bc7 11. Nb3 dxc4 12. dxc4 Ncxe5 13. Nxe5 Bxe5 14. Qd3 a5
15. Be3 Qc7 16. Rab1 Ra6 17. f4 Rd6 18. Qc2 Bf6 19. f5 Re8 20. Bf4 e5 21. a4
Nb8 22. g4 g5 23. fxg6 hxg6 24. Bd5 Bg7 25. h3 Nc6 26. Rbd1 Red8 27. Bg5 Rf8
28. Qf2 Nd4 29. Nxd4 cxd4 30. Qh4 Rb6 31. Be7 Re8 32. Ba3 Be6 33. c5 Bxd5 34.
cxb6 Qxb6 35. Qf2 e4 36. Qc2 d3+ 37. Bc5 dxc2 38. Bxb6 cxd1=Q 39. Rxd1 Bc6 40.
Bxa5 Bxb2 0-1

[Event "2. Bundesliga West"]
[Site "?"]
[Date "2007.01.26"]
[Round "6.5"]
[White "Medvegy, Zoltan"]
[Black "Wohl, Aleksandar H"]
[Result "1-0"]
[WhiteElo "2518"]
[BlackElo "2428"]
[PlyCount "53"]
[EventDate "2007.01.28"]
[SourceDate "2006.10.21"]

1. d4 g6 2. e4 Bg7 3. Nc3 a6 4. Be3 d6 5. Qd2 Nd7 6. O-O-O b5 7. f3 b4 8. Nce2
Rb8 9. d5 Ne5 10. Nd4 c5 11. dxc6 Qc7 12. Kb1 Nf6 13. Bh6 O-O 14. h4 Nxc6 15.
Nxc6 Qxc6 16. Bxg7 Kxg7 17. h5 Rb6 18. Ne2 e5 19. g4 Qc7 20. Ng3 Be6 21. Nf5+
Bxf5 22. exf5 Re8 23. Bd3 d5 24. hxg6 fxg6 25. fxg6 e4 26. fxe4 dxe4 27. g5 1-0

[Event "2. Bundesliga West"]
[Site "?"]
[Date "2007.01.26"]
[Round "6.5"]
[White "Lawitsch, Guenther"]
[Black "Dovzik, Juri"]
[Result "1-0"]
[WhiteElo "2294"]
[BlackElo "2416"]
[PlyCount "95"]
[EventDate "2007.01.28"]
[SourceDate "2006.10.21"]

1. d4 d5 2. Nf3 Nf6 3. c4 c6 4. cxd5 cxd5 5. Nc3 Nc6 6. Bf4 a6 7. e3 Bg4 8. Be2
Bxf3 9. Bxf3 e6 10. O-O Bd6 11. Bxd6 Qxd6 12. Na4 O-O 13. Rc1 Rac8 14. Nc5 Rc7
15. Qa4 Rfc8 16. Rc3 Nd7 17. Nxd7 Qxd7 18. Rfc1 g6 19. Rc5 Qd6 20. Qc2 Kf8 21.
a3 Ke8 22. Be2 Kd8 23. b4 Nb8 24. b5 a5 25. e4 dxe4 26. Qxe4 Nd7 27. Rxc7 Rxc7
28. Rxc7 Qxc7 29. g3 h5 30. Qh4+ Ke8 31. Bf3 Nb6 32. Qg5 Nc4 33. Qc1 Kd7 34.
Bxb7 Qxb7 35. Qxc4 h4 36. gxh4 Qf3 37. d5 exd5 38. Qc6+ Ke7 39. Qc7+ Ke6 40.
Qc8+ Kd6 41. b6 Qd1+ 42. Kg2 Qb1 43. Qc7+ Ke6 44. b7 Qe4+ 45. Kg3 f5 46. Qf4
Qh1 47. b8=Q Qg1+ 48. Kf3 1-0

[Event "2. Bundesliga West"]
[Site "?"]
[Date "2007.01.26"]
[Round "6.5"]
[White "Webersberger, Johann"]
[Black "Gruber, Michael"]
[Result "1/2-1/2"]
[WhiteElo "2264"]
[BlackElo "2138"]
[PlyCount "55"]
[EventDate "2007.01.28"]
[SourceDate "2006.10.21"]

1. d4 f5 2. g3 Nf6 3. Bg2 g6 4. Nf3 Bg7 5. O-O O-O 6. c4 d6 7. Nc3 Qe8 8. Re1
Qf7 9. b3 Ne4 10. Bb2 Nd7 11. Qc2 Ndf6 12. Nxe4 Nxe4 13. Rad1 Bd7 14. e3 a5 15.
Nd2 Nxd2 16. Rxd2 Bc6 17. d5 Bd7 18. f4 a4 19. b4 a3 20. Bd4 e5 21. fxe5 dxe5
22. Bc3 e4 23. Bf1 Bxc3 24. Qxc3 Qg7 25. Qxg7+ Kxg7 26. c5 Rfd8 27. Rd4 Kf6 28.
b5 1/2-1/2

[Event "2. Bundesliga West"]
[Site "?"]
[Date "2007.01.26"]
[Round "6.5"]
[White "Riedl, Johannes"]
[Black "Zoister, Stefan"]
[Result "1/2-1/2"]
[WhiteElo "2143"]
[BlackElo "2257"]
[PlyCount "47"]
[EventDate "2007.01.28"]
[SourceDate "2006.10.21"]

1. b3 Nf6 2. Bb2 e6 3. e3 c5 4. f4 Nc6 5. Nf3 Be7 6. Bd3 b6 7. O-O Bb7 8. c4
O-O 9. Nc3 d5 10. cxd5 exd5 11. Ne2 Ne4 12. Ne5 Bf6 13. Ng3 Nxg3 14. hxg3 Qc7
15. Qb1 h6 16. Nf3 Bxb2 17. Qxb2 Rad8 18. Rac1 d4 19. e4 Nb4 20. Qb1 Qc8 21.
Bc4 Ba6 22. a3 Bxc4 23. bxc4 Nc6 24. d3 1/2-1/2

[Event "2. Bundesliga West"]
[Site "?"]
[Date "2007.01.26"]
[Round "6.5"]
[White "Ager, Josef"]
[Black "Thoeny, Hermann"]
[Result "1/2-1/2"]
[WhiteElo "2196"]
[BlackElo "2175"]
[PlyCount "58"]
[EventDate "2007.01.28"]
[SourceDate "2006.10.21"]

1. d4 d5 2. Nf3 e6 3. c4 c5 4. g3 Nc6 5. Bg2 Nf6 6. O-O cxd4 7. Nxd4 Be7 8. Nc3
O-O 9. Bf4 a6 10. cxd5 exd5 11. Rc1 Re8 12. Na4 Bd7 13. a3 Qa5 14. b4 Nxb4 15.
axb4 Qxa4 16. Qxa4 Bxa4 17. Rc7 Bxb4 18. Rxb7 Bc5 19. e3 Bxd4 20. exd4 Bb5 21.
Ra1 Bc4 22. h3 h6 23. g4 Ne4 24. Ra3 Ng5 25. Ra5 Re1+ 26. Kh2 Ne6 27. Be3 Rd8
28. h4 Rd1 29. Bf3 Rd3 1/2-1/2

[Event "2. Bundesliga West"]
[Site "?"]
[Date "2007.01.26"]
[Round "6.6"]
[White "Anistratov, Dmitrij"]
[Black "Ginsburg, Gennadij"]
[Result "1/2-1/2"]
[WhiteElo "2315"]
[BlackElo "2506"]
[PlyCount "76"]
[EventDate "2007.01.28"]
[SourceDate "2006.10.21"]

1. Nf3 d5 2. g3 Nf6 3. Bg2 g6 4. O-O Bg7 5. d4 c6 6. c4 dxc4 7. Nbd2 b5 8. Ne5
Bb7 9. Ndf3 Nfd7 10. Qc2 O-O 11. Rd1 Na6 12. Be3 f6 13. Nxd7 Qxd7 14. h4 Rac8
15. Kh2 e6 16. a4 Nb4 17. Qd2 Nd5 18. axb5 cxb5 19. Rxa7 b4 20. Bh6 c3 21. bxc3
bxc3 22. Qc1 c2 23. Re1 Rc7 24. Bxg7 Kxg7 25. Qb2 Nc3 26. Rc1 Be4 27. Rxc7 Qxc7
28. Rxc2 Bxc2 29. Qxc2 Qc4 30. e4 Ra8 31. e5 Ra2 32. exf6+ Kxf6 33. Qc1 Rxf2
34. Qg5+ Kg7 35. Qe7+ Kg8 36. Qe8+ Kg7 37. Qe7+ Kg8 38. Qe8+ Kg7 1/2-1/2

[Event "2. Bundesliga West"]
[Site "?"]
[Date "2007.01.26"]
[Round "6.6"]
[White "Sucher, Johannes"]
[Black "Novkovic, Julia"]
[Result "1-0"]
[WhiteElo "2155"]
[BlackElo "2158"]
[PlyCount "171"]
[EventDate "2007.01.28"]
[SourceDate "2006.10.21"]

1. d4 d5 2. Bg5 Nd7 3. c4 Ndf6 4. cxd5 Qxd5 5. Nf3 Qb5 6. e4 Qxb2 7. Nbd2 e6 8.
Rb1 Qxa2 9. Bc4 Qa3 10. Rb3 Qa5 11. Rb5 Qa3 12. Nb1 Qa1 13. O-O c6 14. Rb3 Qa5
15. d5 Nxe4 16. dxc6 bxc6 17. Bf4 Bc5 18. Ne5 Ne7 19. Qf3 Nxf2 20. Be3 O-O 21.
Qxf2 Bxe3 22. Qxe3 f6 23. Nd3 Nd5 24. Qc5 Qxc5+ 25. Nxc5 a5 26. Nc3 Ne3 27.
Bxe6+ Bxe6 28. Nxe6 Nxf1 29. Kxf1 Rf7 30. Nc5 Re7 31. Rb6 Rc7 32. N3a4 Kf7 33.
Ke2 Ke7 34. Na6 Rca7 35. N6c5 Rc8 36. Kd3 Rd8+ 37. Kc3 Rd1 38. Rxc6 Rg1 39.
Re6+ Kf7 40. Re2 Re7 41. Rb2 h5 42. g3 h4 43. gxh4 Rg4 44. Kd3 Rxh4 45. Nc3 Rc7
46. N5e4 f5 47. Ng5+ Kg6 48. Nf3 Rh3 49. Rf2 Rd7+ 50. Kc4 Ra7 51. Nd5 Rh6 52.
Rg2+ Kf7 53. Ne5+ Ke6 54. Kc5 g5 55. Re2 Rh4 56. Nc6+ Re4 57. Rxe4+ fxe4 58.
Nxa7 e3 59. Nxe3 Ke5 60. Nc6+ Kf4 61. Nf1 Kf3 62. Ne5+ Kg2 63. Nf7 g4 64. Ne5
Kh3 65. Kb5 Kh4 66. Kxa5 Kg5 67. Kb5 Kf4 68. Nc4 Kg5 69. Nce3 Kh4 70. Kc5 Kg5
71. Kd4 Kf4 72. Kd5 Kg5 73. Ke5 Kh5 74. Kf4 Kh4 75. Nxg4 Kh5 76. Kg3 Kg6 77.
Kh4 Kh7 78. Kg5 Kg7 79. h4 Kh7 80. Ng3 Kg7 81. h5 Kh7 82. Nf5 Kh8 83. Ne5 Kg8
84. Kg6 Kh8 85. h6 Kg8 86. h7+ 1-0